LIBRARY & INFORMATION CENTRE, KCAET, TAVANUR

ONLINE PUBLIC ACCESS CATALOGUE (OPAC)

Normal view MARC view
  • Roller, Sibel

Entry Personal Name

Number of records used in: 1

001 - CONTROL NUMBER

  • control field: 369

003 - CONTROL NUMBER IDENTIFIER

  • control field: OSt

005 - DATE AND TIME OF LATEST TRANSACTION

  • control field: 20160610160923.0

008 - FIXED-LENGTH DATA ELEMENTS

  • fixed length control field: 160610|| aca||aabn | a|a d

040 ## - CATALOGING SOURCE

  • Original cataloging agency: OSt
  • Transcribing agency: OSt

100 ## - HEADING--PERSONAL NAME

  • Personal name: Roller, Sibel

670 ## - SOURCE DATA FOUND

  • Source citation: Work cat.: (OSt): Roller, Sibel, Essential Microbiology and Hygiene for Food Professionals, 2012
free website counter